| 000 | 00425cam a2200181ua 4500 | ||
|---|---|---|---|
| 020 | _cRs. 3.00 | ||
| 041 |
_amal _h |
||
| 082 |
_a320.01 _bMAC/RA |
||
| 100 | _aMachiavelli, . | ||
| 245 | _aRajaniti | ||
| 260 |
_aEranamkulam : _bSahitya Parishad Co Operative Society Limited , _c1959. |
||
| 300 | _a171 ; . | ||
| 365 | _aRs. 3.00 | ||
| 504 | _a | ||
| 942 | _cBK | ||
| 999 |
_c634 _d634 |
||